| 000 | 00949nas a2200265 i 4500 | ||
|---|---|---|---|
| 001 | 1883 | ||
| 003 | ES-MaACL | ||
| 005 | 20250217134419.0 | ||
| 007 | t| | ||
| 008 | 950801d19071986sp | | 1 ||pa d | ||
| 022 | _a0034-9518 | ||
| 080 | _a336.7(460) | ||
| 245 | 0 | 0 |
_aRevista financiera _b: banca, industria, comercio, agricultura, seguros, ferrocarriles, tranvías, electricidad, metalurgia, minería, navegación y obras públicas. |
| 260 |
_aMadrid : _bRevista Financiera, _c1907-1986. |
||
| 300 |
_av ; _c30 cm. |
||
| 310 | _aDecenal | ||
| 362 | 0 | _aAño 1, n. 1 (5 marzo 1907)- (1986) | |
| 500 | _aLos n. 453 y 454 (1919) no se publicaron. | ||
| 650 | 4 |
_aEconomía- _zEspaña- _yS.XX. _912011 |
|
| 650 | 4 |
_aFinanzas- _zEspaña. _912872 |
|
| 650 | 4 |
_aBancos- _zEspaña- _yS.XX. _9167658 |
|
| 852 |
_aES-MaACL _jHem-154 |
||
| 866 | 0 | _o(1913f.n.205y219y221-222y226-227y231)(1914f.n.241-242y246y249)1915-18,1920-24. | |
| 999 |
_c1883 _d1883 |
||